<?xml version="1.0" encoding="UTF-8"?>
<collection xmlns="http://www.loc.gov/MARC21/slim">
 <record>
  <leader>01000cam a2200217 7i4500</leader>
  <controlfield tag="001">0000051437</controlfield>
  <controlfield tag="005">20200923090000.0</controlfield>
  <controlfield tag="008">130621s2013                             eng  </controlfield>
  <datafield tag="090" ind1="0" ind2="0">
   <subfield code="a">TA545 </subfield>
   <subfield code="b">YON 2013</subfield>
  </datafield>
  <datafield tag="100" ind1="1" ind2=" ">
   <subfield code="a">Yong Yoong Kee </subfield>
   <subfield code="e">author </subfield>
  </datafield>
  <datafield tag="245" ind1="1" ind2="4">
   <subfield code="a">The impact caused by the natural disaster in Malaysia : </subfield>
   <subfield code="b">flood ad landslide  </subfield>
   <subfield code="c">Yong Yoong Kee.</subfield>
  </datafield>
  <datafield tag="264" ind1=" " ind2="1">
   <subfield code="a">Nilai: </subfield>
   <subfield code="b">INTI International University, </subfield>
   <subfield code="c">April 2013.</subfield>
  </datafield>
  <datafield tag="300" ind1=" " ind2=" ">
   <subfield code="a">iv, 60 pages: </subfield>
   <subfield code="b">illustrations; </subfield>
   <subfield code="c">30 cm.</subfield>
  </datafield>
  <datafield tag="336" ind1=" " ind2=" ">
   <subfield code="a">text</subfield>
   <subfield code="2">rdacontent</subfield>
  </datafield>
  <datafield tag="337" ind1=" " ind2=" ">
   <subfield code="a">unmediated</subfield>
   <subfield code="2">rdamedia</subfield>
  </datafield>
  <datafield tag="338" ind1=" " ind2=" ">
   <subfield code="a">volume</subfield>
   <subfield code="2">rdacarrier</subfield>
  </datafield>
  <datafield tag="500" ind1="0" ind2="0">
   <subfield code="a">BQSI 2</subfield>
  </datafield>
  <datafield tag="502" ind1="0" ind2="0">
   <subfield code="a">Dissertation submitted as a partial fulfillment of the requirement for the Bachelor of Science (Hons.) In Quantity Surveying submitted to INTI International University and under the managment and supervision of Faculty of Science, Technology, Engineering and Mathematics</subfield>
  </datafield>
  <datafield tag="650" ind1="1" ind2="0">
   <subfield code="a">Quantity Surveying </subfield>
  </datafield>
  <datafield tag="650" ind1="1" ind2="0">
   <subfield code="a">Dissertations, academic -- </subfield>
   <subfield code="x">Engineeering </subfield>
  </datafield>
  <datafield tag="901" ind1=" " ind2=" ">
   <subfield code="u">http://www.intimal.edu.my</subfield>
  </datafield>
 </record>
</collection>
